Nâng cao hiệu quả kiểm soát hoạt đông chuyển giá của các doanh nghiệp có vốn đầu tư trực tiếp nước ngoài trên địa bàn tỉnh Bình Dương

Chuyên ngành: Kế toán; Mã số: 8340301; Ý kiến về việc sao chép tài liệu: Đồng ý 30%; Ý kiến về việc sao chép file: Không đồng ý; Thư mục tài liệu tham khảo tr.96-79; Luận văn thạc sĩ. Trường Đại học Thủ Dầu Một; Luận văn gồm có 5 chương:...

Full beskrivning

Sparad:
Bibliografiska uppgifter
Huvudupphovsman: Nguyễn, Thị Hạnh
Övriga upphovsmän: Phan, Đức Dũng
Materialtyp: Bok
Språk:Undetermined
Publicerad: Bình Dương 2019
Ämnen:
Länkar:http://lrc.tdmu.edu.vn/opac/search/detail.asp?aID=2&ID=37814
Taggar: Lägg till en tagg
Inga taggar, Lägg till första taggen!
Thư viện lưu trữ: Trung tâm Học liệu Trường Đại học Thủ Dầu Một
LEADER 01605nam a2200205Ia 4500
001 TDMU_37814
008 210410s9999 xx 000 0 und d
082 |a 005.12 
090 |b NG527 
100 |a Nguyễn, Thị Hạnh 
245 0 |a Nâng cao hiệu quả kiểm soát hoạt đông chuyển giá của các doanh nghiệp có vốn đầu tư trực tiếp nước ngoài trên địa bàn tỉnh Bình Dương 
245 0 |c Nguyễn Thị Hạnh; PGS.TS. Phan Đức Dũng (hướng dẫn) 
260 |a Bình Dương 
260 |c 2019 
300 |a 144tr 
520 |a Chuyên ngành: Kế toán; Mã số: 8340301; Ý kiến về việc sao chép tài liệu: Đồng ý 30%; Ý kiến về việc sao chép file: Không đồng ý; Thư mục tài liệu tham khảo tr.96-79; Luận văn thạc sĩ. Trường Đại học Thủ Dầu Một; Luận văn gồm có 5 chương: Chương 1.Tổng quan các đề tài nghiên cứu. Chương 2. Cơ sở lý thuyết và mô hình nghiên cứu. Chương 3. Phương pháp nghiên cứu. Chương 4. Kết quả nghiên cứu và bàn luận. Chương 5. Kết luận và hàm ý chính sách 
650 |a Chuyển giá  |x Kiểm soát  |x Doanh nghiệp có vốn đầu tư nước ngoài 
700 |a Phan, Đức Dũng 
856 |u http://lrc.tdmu.edu.vn/opac/search/detail.asp?aID=2&ID=37814 
980 |a Trung tâm Học liệu Trường Đại học Thủ Dầu Một